[Event "GER-ch U18"]
[Site "Willingen"]
[Date "2023.05.31"]
[Round "5"]
[White "Plaumann, Arvin"]
[Black "May, Ben Iven"]
[Result "1/2-1/2"]
[WhiteElo "1786"]
[BlackElo "1940"]
[PlyCount "70"]
[EventDate "2023.05.28"]
[EventType "swiss"]
[EventRounds "9"]
[EventCountry "GER"]
[SourceTitle "CBM 214 Extra"]
[Source "ChessBase"]
[SourceDate "2023.07.31"]
[SourceVersion "1"]
[SourceVersionDate "2023.07.31"]
[SourceQuality "1"]

1. d4 Nf6 2. g3 g6 3. Bg2 Bg7 4. e4 d6 5. Ne2 0-0 6. Nbc3 e5 7. h3 Nc6 8. Be3 Re8 9. 0-0 Bd7 10. Qd2 exd4 11. Nxd4 Rb8 12. Rfe1 a6 13. a4 Nxd4 14. Bxd4 Bc6 15. Rad1 Nd7 16. Bxg7 Kxg7 17. Nd5 Bxd5 18. exd5 Qf6 19. b3 h5 20. Re3 Rxe3 21. Qxe3 Qe5 22. Qxe5+ Nxe5 23. f4 Nd7 24. Re1 Kf8 25. Kf2 Re8 26. Rxe8+ Kxe8 27. Ke3 f5 28. b4 a5 29. Kd4 axb4 30. Kc4 Nc5 31. Kxb4 Nd7 32. Kc4 Nc5 33. Kb4 Ke7 34. Bf3 Kf6 35. a5 Ke7 1/2-1/2

[Event "GER-ch U18"]
[Site "Willingen"]
[Date "2023.05.28"]
[Round "1"]
[White "Plaumann, Arvin"]
[Black "Albert, Markus1111"]
[Result "0-1"]
[WhiteElo "1786"]
[BlackElo "2232"]
[PlyCount "58"]
[EventDate "2023.05.28"]
[EventType "swiss"]
[EventRounds "9"]
[EventCountry "GER"]
[SourceTitle "CBM 214 Extra"]
[Source "ChessBase"]
[SourceDate "2023.07.31"]
[SourceVersion "1"]
[SourceVersionDate "2023.07.31"]
[SourceQuality "1"]

1. d4 Nf6 2. g3 c5 3. dxc5 Na6 4. Bg2 Nxc5 5. Nc3 g6 6. e4 d6 7. Be3 Bg7 8. Bxc5 dxc5 9. Qxd8+ Kxd8 10. 0-0-0+ Kc7 11. h3 e6 12. f4 Bd7 13. Nf3 Nh5 14. Ne2 Bb5 15. Nfg1 Rad8 16. Rxd8 Rxd8 17. g4 Nxf4 18. Nxf4 Bh6 19. Nf3 Bxf4+ 20. Kb1 Bc6 21. e5 b6 22. b3 Kd7 23. Rf1 Rf8 24. Re1 Ke7 25. Kb2 Rd8 26. Nh4 Bg3 27. Re2 Bxg2 28. Nxg2 Rd5 29. Ne3 Rxe5 0-1

[Event "Heusenstamm Sparkassen op-A 7th"]
[Site "Heusenstamm"]
[Date "2021.11.19"]
[Round "3.45"]
[White "Plaumann, Arvin"]
[Black "Foerster Yialamas, Lucas"]
[Result "0-1"]
[WhiteElo "1613"]
[BlackElo "2002"]
[PlyCount "104"]
[EventDate "2021.11.18"]
[EventType "swiss"]
[EventRounds "7"]
[EventCountry "GER"]
[SourceTitle "EXT 2023"]
[Source "ChessBase"]
[SourceDate "2022.10.05"]
[SourceVersion "1"]
[SourceVersionDate "2022.10.05"]
[SourceQuality "1"]

1. d4 Nf6 2. g3 g6 3. Bg2 d5 4. Nf3 Bg7 5. c4 c6 6. cxd5 cxd5 7. 0-0 0-0 8. Nc3 Nc6 9. Bf4 Nh5 10. e3 Nxf4 11. gxf4 b6 12. Ne5 Nxe5 13. Bxd5 Bg4 14. f3 Bxf3 15. Bxf3 Nxf3+ 16. Qxf3 Rc8 17. Rac1 Qd7 18. Qd5 Qg4+ 19. Qg2 Qe6 20. Qe4 Qd6 21. a3 e6 22. Rc2 Qc6 23. Qxc6 Rxc6 24. Rcc1 Rfc8 25. Ne2 Rc2 26. Kf2 Bf6 27. b4 Be7 28. Rxc2 Rxc2 29. Rc1 Ra2 30. Rc7 Bh4+ 31. Kf3 Rxa3 32. Nc3 f5 33. Rc8+ Kg7 34. Rc7+ Kh6 35. Rc6 Rb3 36. Ne2 Rxb4 37. Rxe6 Rb2 38. d5 Rd2 39. d6 Kg7 40. e4 fxe4+ 41. Ke3 Kf7 42. Kxd2 Kxe6 43. Nd4+ Kxd6 44. Nb5+ Kd5 45. Nxa7 Bf2 46. Nb5 Bd4 47. Nc7+ Kc4 48. h4 b5 49. Ne6 b4 50. h5 b3 51. f5 e3+ 52. Ke2 gxf5 0-1

[Event "Wiesbaden op 31st"]
[Site "Wiesbaden"]
[Date "2019.08.25"]
[Round "6"]
[White "Stork, Christopher"]
[Black "Plaumann, Arvin"]
[Result "1-0"]
[WhiteElo "1905"]
[BlackElo "1667"]
[PlyCount "105"]
[EventDate "2019.08.22"]
[EventType "swiss"]
[EventRounds "7"]
[EventCountry "GER"]
[SourceTitle "EXT 2020"]
[Source "ChessBase"]
[SourceDate "2019.10.17"]
[SourceVersion "1"]
[SourceVersionDate "2019.10.17"]
[SourceQuality "1"]

1. e4 e6 2. d4 d5 3. Nc3 Bb4 4. Bd3 c5 5. exd5 Qxd5 6. Bd2 Bxc3 7. Bxc3 cxd4 8. Bxd4 Qxg2 9. Qf3 Qxf3 10. Nxf3 f6 11. Rg1 Kf7 12. 0-0-0 Bd7 13. Be4 Bc6 14. Bxc6 Nxc6 15. Bc5 Nge7 16. Rd7 b6 17. Bxe7 Nxe7 18. Rgd1 Rhc8 19. Rb7 Rd8 20. Rxd8 Rxd8 21. Rxa7 e5 22. Rb7 Rd6 23. Nd2 Rd4 24. Rxb6 Rh4 25. Nf3 Rf4 26. Rb3 e4 27. Nd2 Nd5 28. Rb7+ Kg6 29. c4 e3 30. fxe3 Nxe3 31. c5 Rh4 32. c6 Rxh2 33. b4 Rh1+ 34. Kb2 Rh2 35. Rd7 h5 36. c7 Nc4+ 37. Kc3 Nb6 38. Rd6 Nc8 39. Rd8 Na7 40. c8Q Nxc8 41. Rxc8 h4 42. b5 h3 43. b6 Rh1 44. b7 h2 45. Rh8 Rc1+ 46. Kb2 h1Q 47. Rxh1 Rxh1 48. b8Q f5 49. Qf4 Kf6 50. a4 g5 51. Qd6+ Kg7 52. Qe7+ Kg6 53. Qe6+ 1-0

[Event "Wiesbaden op 31st"]
[Site "Wiesbaden"]
[Date "2019.08.22"]
[Round "1"]
[White "Sever, Mustafa Batuhan"]
[Black "Plaumann, Arvin"]
[Result "1-0"]
[WhiteElo "2028"]
[BlackElo "1667"]
[PlyCount "45"]
[EventDate "2019.08.22"]
[EventType "swiss"]
[EventRounds "7"]
[EventCountry "GER"]
[SourceTitle "EXT 2020"]
[Source "ChessBase"]
[SourceDate "2019.10.17"]
[SourceVersion "1"]
[SourceVersionDate "2019.10.17"]
[SourceQuality "1"]

1. e4 e6 2. d4 d5 3. Nd2 c5 4. exd5 Qxd5 5. Ngf3 Nc6 6. Bc4 Qd7 7. 0-0 Nxd4 8. Nxd4 Qxd4 9. Qe2 Nf6 10. Nf3 Qd6 11. Rd1 Qc7 12. Bb5+ Bd7 13. Ne5 Bd6 14. Nxd7 Nxd7 15. Bf4 Bxf4 16. Rxd7 Qxd7 17. Rd1 Rd8 18. Rxd7 Rxd7 19. Qd3 0-0 20. Qxd7 a6 21. Bd3 b5 22. Qe7 c4 23. Bxh7+ 1-0

[Event "Bad Soden U14 op 5th"]
[Site "Bad Soden"]
[Date "2018.10.03"]
[Round "8.6"]
[White "Plaumann, Arvin"]
[Black "Burkart, Lloyd Shang"]
[Result "1/2-1/2"]
[WhiteElo "1269"]
[BlackElo "1157"]
[PlyCount "37"]
[EventDate "2018.09.30"]
[EventType "swiss"]
[EventRounds "7"]
[EventCountry "GER"]
[SourceTitle "EXT 2020"]
[Source "ChessBase"]
[SourceDate "2019.10.17"]
[SourceVersion "1"]
[SourceVersionDate "2019.10.17"]
[SourceQuality "1"]

1. e4 c5 2. Bc4 e6 3. Nc3 Nc6 4. d3 Nf6 5. Qf3 Nd4 6. Qd1 d6 7. Nf3 Nxf3+ 8. Qxf3 Be7 9. 0-0 0-0 10. Qg3 Kh8 11. Re1 a6 12. e5 dxe5 13. Qxe5 b5 14. Bb3 Bb7 15. Bf4 Qd4 16. Ne2 Qxe5 17. Bxe5 Nd5 18. Bxd5 Bxd5 19. Nf4 1/2-1/2

[Event "Bad Soden U14 op 5th"]
[Site "Bad Soden"]
[Date "2018.10.02"]
[Round "7.8"]
[White "Haller, Andreas"]
[Black "Plaumann, Arvin"]
[Result "0-1"]
[WhiteElo "1185"]
[BlackElo "1269"]
[PlyCount "102"]
[EventDate "2018.09.30"]
[EventType "swiss"]
[EventRounds "7"]
[EventCountry "GER"]
[SourceTitle "EXT 2020"]
[Source "ChessBase"]
[SourceDate "2019.10.17"]
[SourceVersion "1"]
[SourceVersionDate "2019.10.17"]
[SourceQuality "1"]

1. e4 e6 2. d4 d5 3. Nc3 Bb4 4. Bd2 c5 5. dxc5 Bxc5 6. Nf3 dxe4 7. Nxe4 Bb6 8. Bb5+ Bd7 9. Bxd7+ Nxd7 10. 0-0 Ngf6 11. Nxf6+ Qxf6 12. Rb1 Ne5 13. Bc3 Nxf3+ 14. Qxf3 Qxf3 15. gxf3 0-0 16. Rbd1 Rad8 17. f4 f6 18. Rfe1 Kf7 19. Rd2 Rxd2 20. Bxd2 Rd8 21. Be3 Bxe3 22. fxe3 Rd2 23. Rc1 Kg6 24. e4 Re2 25. f5+ exf5 26. exf5+ Kxf5 27. Kh1 g5 28. h3 h5 29. Rf1+ Ke4 30. Kg1 f5 31. c4 Rxb2 32. Re1+ Kd4 33. a4 Kxc4 34. Re5 g4 35. hxg4 hxg4 36. Rxf5 g3 37. Rf7 a5 38. Rf4+ Kb3 39. Rf3+ Kxa4 40. Rxg3 b5 41. Kf1 Rc2 42. Ke1 b4 43. Rg4 Ka3 44. Kd1 b3 45. Rg5 a4 46. Rb5 Ka2 47. Ra5 a3 48. Rb5 Rh2 49. Rb4 b2 50. Rc4 b1Q+ 51. Rc1 Qd3+ 0-1